000 00644nam a22001817a 4500
003 BUBTL
008 180917b xxu||||| |||| 00| 0 eng d
082 _a347HOC
100 _92028
_aহোসেন, মোঃ আলতাফ
245 _aThe Civil Courts Act,1887[দেওয়ানী আদালত আইন,১৮৮৭] /
_cমোঃ আলতাফ হোসেন
250 _a1st ed.
260 _aঢাকা :
_b ফ্যমিলি ল' বুক কর্নার,
_cc2012.
300 _a176 p. :
_c22 cm.
650 0 _926
_aLaw
856 _k0
_l0
_yDownload
942 _2ddc
_cBK
999 _c5807
_d5807